000 00553nam a22001817a 4500
999 _c185693
_d185693
005 20220208120912.0
010 _aENG-131459
020 _a9788172611620
_c975.00
035 _aEN-114991
037 _bDBAD
082 _a181.499
100 _aOsho
245 _aThe Way Beyond Any Way:
_bTalks on the Sarvasar Upanishad/
_cOsho
260 _aMumbai
_bRebel Publishing House Pvt.Ltd
_c2000
270 _a608 MARKERS CHAMBERS 5NARIMAN POINT
_bMaharashtra
_e400021
300 _avi, 371p.
_c22cm(hbk)
942 _2ddc
_cEN
_h181.499
_mOSH